|
|
|
|
| LEADER |
00899 a2200205 4500 |
| 008 |
150103s9999 000 0 eng |
| 020 |
|
|
|a 057115252X
|
| 082 |
|
|
|a 862.64
|
| 100 |
|
|
|a Vargas Llosa, Mario, 1936-
|
| 245 |
|
|
|a Three plays /
|
| 260 |
|
|
|a London:
|b Faber and Faber,
|c c1990.
|
| 300 |
|
|
|a 217 p.
|
| 500 |
|
|
|a Acc No;7337-Replaced,Publisher,New York;Hill and Wang-ISBN-0374522650
|
| 505 |
|
|
|a The young lady from Tacna-- Kathie and the Hippopotamus-- La chunga
|
| 650 |
|
|
|a Spanish drama
|
| 700 |
|
|
|a Graham Young, David.
|
| 942 |
|
|
|c BK
|
| 999 |
|
|
|c 302341
|d 302341
|
| 952 |
|
|
|0 0
|1 0
|2 ddc
|4 0
|6 862_640000000000000_VAR_TH
|7 0
|9 345797
|a DRA
|b DRA
|c ST1
|d 2010-10-12
|i 7337
|l 4
|o 862.64 VAR/TH
|p DRA7337
|r 2016-02-23
|s 2015-10-27
|w 2010-10-12
|y BK
|
| 952 |
|
|
|0 0
|1 0
|2 ddc
|4 0
|6 862_640000000000000_VAR_TH
|7 0
|9 345798
|a DRA
|b DRA
|c ST1
|d 2010-10-12
|i 5855
|l 3
|o 862.64 VAR/TH
|p DRA5855
|r 2016-08-18
|s 2016-08-16
|w 2010-10-12
|y BK
|